| 000 | 01831nam0a2200313 i 4500 | ||
|---|---|---|---|
| 001 | RU\NLR\BIBL_A\010304126 | ||
| 005 | 20260408113718.0 | ||
| 010 |
_a9785905810244 _980 |
||
| 021 |
_aRU _b2014-9511 _9596 |
||
| 035 | _a(NILC)RuMoRGB-006743225 | ||
| 035 | _a(NLR Aleph) 010304126 | ||
| 090 |
_a10608035 _c10608035 |
||
| 100 | _a20140409d2013 k||y0rusy50 ca | ||
| 101 | 0 | _arus | |
| 102 | _aRU | ||
| 105 | _aa|||z|||000yy | ||
| 200 | 1 |
_aМетодическое сопровождение педагогов ДОУ по внедрению технологии ТРИЗ (теории решения изобретательских задач) в образовательный процесс _eсборник по итогам работы опорного учреждения системы образования города Архангельска _fМуницип. бюджет. дошк. образоват. учреждение муницип. образования "Город Архангельск", "Дет. сад комбиниров. вида № 123 "АБВГДейка" _g[сост.: Болтовская Галина Сергеевна и др.] |
|
| 210 |
_aАрхангельск _cЛоция _d2013 |
||
| 215 |
_a208 с. _cил., цв. ил. _d21 |
||
| 320 | _aБиблиогр.: с. 207-208 | ||
| 606 | 1 |
_aТРИЗ-педагогика _xДошкольные учреждения _92591507 _3RU\NLR\AUTH\661531445 |
|
| 686 | 1 | _aЧ411.38 | |
| 702 | 1 |
_aБолтовская _bГ. С. _gГалина Сергеевна _4220 |
|
| 712 | 0 | 2 |
_4570 _a"АБГДейка", детский сад комбинированного вида _c123; Архангельс _9397190 _3RU\NLR\AUTH\880365184 |
| 801 | 0 |
_aRU _bРГБ _c20140220 _gRCR |
|
| 942 | _cBOOK | ||
| 980 | _aNBR | ||